| 000 | 00388pam a2200145a 44500 | ||
|---|---|---|---|
| 008 | 230405s2017 xxu||||| |||| 00| 0 eng d | ||
| 082 |
_a615 _bPAT |
||
| 100 | _aPathania,Joginder | ||
| 245 | _aPharmacology Revision Booklet for B.Sc. Nursing Students | ||
| 260 |
_aNew Delhi _bCBS Pub. _c2017 |
||
| 300 | _a54 p. | ||
| 700 | _aSood,Vikas | ||
| 700 | _aBharti,Rupendra | ||
| 906 | _a003896 | ||
| 999 |
_c252125 _d252125 |
||